|
|
|
|
| LEADER |
01009cam a2200277 7i4500 |
| 001 |
0000067147 |
| 005 |
20220315090000.0 |
| 020 |
|
|
|a 9781260122404
|
| 020 |
|
|
|a 9781260122411 (electronic book)
|
| 090 |
0 |
0 |
|a QP34.5
|b G35 2019
|
| 245 |
1 |
0 |
|a Ganong's review of medical physiology
|c Kim E Barrett, Susan M Barman, Jason X -J Yuan, Heddwen Brooks.
|
| 250 |
|
|
|a 26th edition.
|
| 264 |
|
|
|a New York:
|b McGraw-Hill Education,
|c 2019.
|
| 300 |
|
|
|a 1 online resource (ix, 742 pages):
|b color illustrations, figures, tables, text file, PDF.
|
| 336 |
|
|
|a text
|2 rdacontent
|
| 337 |
|
|
|a computer
|2 rdamedia
|
| 338 |
|
|
|a onine resource
|2 rdacarrier
|
| 650 |
0 |
0 |
|a Physiology --
|x Problems, exercises, etc.
|
| 650 |
0 |
0 |
|a Physiology
|
| 655 |
0 |
0 |
|a Electronic books
|
| 700 |
1 |
|
|a Barman, Susan M
|
| 700 |
1 |
|
|a Yuan, Jasan X-Y
|
| 700 |
1 |
|
|a Brooks, Heddwen
|
| 856 |
4 |
2 |
|u http://library.unisel.edu.my/web/guest/mylibrary
|
| 997 |
|
|
|a Health Sciences, Faculty
|
| 999 |
|
|
|a EBO0011807
|b EBOOK
|c EBOOK
|e Electronic resources
|